000 00319nam a2200109Ia 4500
008 171211s9999 xx 000 0 und d
245 4 _aThe Politics of Equity Finance in Emerging Markets
245 _cKathryn C. Lavelle
260 _c2004
650 _xECONOMICS
856 _uhttp://down.ebook777.com/063/0195174097.pdf
999 _c349566
_d349566